1472 1150 1114 1951 1781 1405 1404 1316 1263 1515 1006 1069 1739 1289 1647 1433 1654 1794 1635 1051 1292 1766 1957 1837 1685 1679 1807 1950 1552 1774 1916 1316 1790 1338 1854 1840 1847 1842 1687 1022 1030 1062 1449 1383 1250 1199 1363 1736 1626 1577 1464 1625 1021 1113 1145 1080 1838 1013 1154 1288 1553 1571 1003 1068 1381 1108 1061 1156 1201 1793 1406 1522 1016 1530 1932 1576 1306 1400 1454 1939 1114 1682 1782 1259 1107 1329 1925 1758 1387 1112 1106 1803 1835 1722 1671 1125 1709 1962 1645 BCNSPRNW ULIB Ver.6.0+V

เปลี่ยนเป็นภาษาไทย

Change to English
 แสดงรายละเอียดบรรณานุกรม
  กลับหน้าหลัก

Brief Record : Get Marc (ISO 2709) : E-mail record : QR code < ปิดหน้าต่าง
LEADER : 00000nam 2200000uu 4500
001    13399114473
003     ULIB
008    120404s2552||||th 000 0 tha d
020    ^a9786165000024
090    ^aนว.^bย236ส 2552
100 0  ^aยาใจ
245 00 ^aสื่อรักมัดหัวใจ/^cยาใจ
250    ^aพิมพ์ครั้งที่ 1
260    ^aกรุงเทพฯ :^bพิมพ์คำ,^c2552
300    ^a318 หน้า
710 1  ^aยาใจ
945    ^p220^l0^i17725
995    ^aกัณชพร
999    ^aใช้งานได้ทุกระบบ
รายการนี้ยังไม่มีแท็ก
คุณยังไม่ได้ล็อกอิน คุณสามารถมีกิจกรรมร่วมกับเว็บไซต์ได้ แต่ต้องล็อกอินก่อน ::
  ล็อกอิน

รายการสื่อสารสนเทศ

ลำดับที่ ประเภท เลขเรียก/บาร์โค้ด สถานที่ สถานะ
1. นวนิยาย
นวนิยาย
นว. ย236ส 2552  
  Barcode: 17725
ห้องสมุดวิทยาเขตสวรรค์ประชารักษ์
►นวนิยาย
บนชั้น
  ขอยืม

รายการใกล้เคียง
    ผู้แต่ง [ยาใจ]

BibComment


ยังไม่เคยถูกคอมเมนท์

คอมเมนท์ทรัพยากรรายการนี้
  คอมเมนท์: สื่อรักมัดหัวใจ ..


 Copyright 2026. Bcnsprnw @Library